[Event "AUTO-MASTER-1184"]
[Site "http://www.queenalice.com/game.php?id=813765"]
[Date "2010.8.5"]
[Round "1"]
[White "lalves"]
[Black "paulogaspar"]
[Result "1-0"]
[WhiteElo "2127"]
[BlackElo "2079"]

1. c4 c5 2. Nf3 g6 3. g3 Bg7 4. Bg2 Nf6 5. O-O O-O 6. Nc3 Nc6 7. d3 e6 8. e4 d6
9. Bg5 Qb6 10. Rb1 a6 11. a3 Qc7 12. b4 cxb4 13. axb4 Nd7 14. Ne2 e5 15. b5 axb5
16. cxb5 Nd8 17. Nd2 Ne6 18. Be3 Ndc5 19. Nc4 Bd7 20. Nc3 b6 21. Nd5 Qb8 22.
Ndxb6 Ra7 23. Nxd7 Rxd7 24. Qc2 Rfd8 25. b6 Rb7 26. Rb4 Nd4 27. Bxd4 exd4 28.
Rfb1 Re7 29. Na5 Rc8 30. Qd2 Na6 31. Rb5 Rc5 32. Rxc5 Nxc5 33. Nc6 Qb7 34. Nxe7+
Qxe7 35. e5 dxe5 36. b7 Nxb7 37. Rxb7 Qc5 38. Qe2 Qc1+ 39. Qf1 Qc5 40. Rb8+ Bf8
41. Qa1 Kg7 42. Qa8 Qc1+ 43. Bf1 Qc5 44. Rxf8 Qxf8 45. Qxf8+ Kxf8 46. Bg2 Ke7
47. Bd5 f6 48. Kg2 Kd6 49. Bg8 h6 50. Bh7 g5 51. Kf3 Ke6 52. g4 Kd5 53. Ke2 Kc5
54. Kd2 Kb4 55. Kc2 Ka3 56. Bg8 Kb4 57. Kb2 Ka4 58. Kc2 Ka3 59. Kd2 Kb2 60. Ke2
Kc3 61. Bh7 Kc2 62. Kf3 Kd2 63. Ke4 Ke2 64. Kd5 Kxf2 65. Ke6 Kg2 66. Kxf6 Kxh2
67. Kxe5 Kg3 68. Bf5 Kh4 69. Kxd4 h5 70. gxh5 Kxh5 71. Ke5 g4 72. d4 g3 73. Be4
1-0

[Event "AUTO-MASTER-1113"]
[Site "http://www.queenalice.com/game.php?id=824708"]
[Date "2010.8.28"]
[Round "2"]
[White "jrafaelcc"]
[Black "lalves"]
[Result "1-0"]
[WhiteElo "2230"]
[BlackElo "2121"]

1. e4 c5 2. Nf3 Nc6 3. d4 cxd4 4. Nxd4 d6 5. Nc3 Bd7 6. Be3 Nf6 7. f3 g6 8. Qd2
Bg7 9. O-O-O Rc8 10. Kb1 Ne5 11. g4 Nc4 12. Bxc4 Rxc4 13. h4 O-O 14. h5 Qc8 15.
hxg6 a6 16. g5 Ne8 17. Nd5 Qd8 18. gxf7+ Rxf7 19. Qh2 Bf8 20. g6 Rg7 21. b3 Rc8
22. Bh6 Nc7 23. Bxg7 Bxg7 24. Qxh7+ Kf8 25. Qh8+ Bxh8 26. Rxh8+ Kg7 27. Rxd8
Nxd5 28. Rxd7 Nc3+ 29. Kc1 Nxd1 30. Kxd1 Kf6 31. Rxb7 Rg8 32. Ra7 Rxg6 33. Rxa6
Ke5 34. Nf5 Kf4 35. Nxe7 Rg1+ 36. Kd2 1-0

[Event "AUTO-MASTER-1113"]
[Site "http://www.queenalice.com/game.php?id=824709"]
[Date "2010.8.28"]
[Round "2"]
[White "lalves"]
[Black "jrafaelcc"]
[Result "0-1"]
[WhiteElo "2112"]
[BlackElo "2204"]

1. c4 Nf6 2. Nf3 d6 3. g3 g6 4. Bg2 Bg7 5. O-O e5 6. d3 Nc6 7. Nc3 O-O 8. Bg5 h6
9. Bd2 Nd7 10. Rb1 a5 11. Nd5 f5 12. Nh4 Kh7 13. a3 Nf6 14. b4 g5 15. Nf3 f4 16.
b5 Ne7 17. Nxf6+ Rxf6 18. Qe1 c6 19. a4 c5 20. Bc3 Nf5 21. Nd2 Nd4 22. Bxd4 exd4
23. Ne4 Rf7 24. Qd2 Ra7 25. Bf3 Bh3 26. Rfe1 b6 27. Bh5 Rf8 28. f3 fxg3 29. hxg3
Bf5 30. Kg2 d5 31. cxd5 Qxd5 32. Rh1 Bxe4 33. dxe4 Qe5 34. Bg4 Re7 35. Bf5+ Rxf5
36. exf5 Qxe2+ 37. Qxe2 Rxe2+ 38. Kh3 d3 39. Rbc1 d2 40. Rcd1 c4 41. Kg4 c3 42.
Rh5 c2 0-1

[Event "AUTO-MASTER-1113"]
[Site "http://www.queenalice.com/game.php?id=824712"]
[Date "2010.8.28"]
[Round "2"]
[White "lalves"]
[Black "Alexandrovinsk"]
[Result "1-0"]
[WhiteElo "2103"]
[BlackElo "2090"]

1. e4 e6 2. d4 d5 3. e5 c5 4. c3 Nc6 5. Nf3 Bd7 6. Bd3 Qb6 7. Bc2 Rc8 8. O-O
cxd4 9. cxd4 Nb4 10. Bb3 Bb5 11. Ba4 Bxa4 12. Qxa4+ Rc6 13. Nc3 Ne7 14. Be3 Nf5
15. Rac1 Be7 16. Qd1 O-O 17. a3 Na6 18. b4 Rfc8 19. Qd3 Nxe3 20. fxe3 Rc4 21.
Nd2 R4c7 22. Nb3 Nxb4 23. axb4 Qxb4 24. Ne2 Rxc1 25. Nbxc1 a5 26. Na2 Qb2 27.
Nac3 Rc4 28. Rb1 Qa3 29. Rxb7 g6 30. Qc2 Bb4 31. Qa2 Rxc3 32. Nxc3 Qxc3 33. Qe2
Qc1+ 34. Kf2 Qc8 35. Ra7 Qc3 36. Kg3 Qe1+ 37. Qf2 Qxf2+ 38. Kxf2 Kg7 39. Kf3 Bd2
40. e4 dxe4+ 41. Kxe4 Bb4 42. d5 exd5+ 43. Kxd5 Kf8 44. e6 fxe6+ 45. Kxe6 g5 46.
Kf6 Ke8 47. Kxg5 Kd8 48. Rxh7 a4 49. Ra7 a3 50. g4 1-0

[Event "AUTO-MASTER-1113"]
[Site "http://www.queenalice.com/game.php?id=824713"]
[Date "2010.8.28"]
[Round "2"]
[White "Alexandrovinsk"]
[Black "lalves"]
[Result "0-1"]
[WhiteElo "2151"]
[BlackElo "2108"]

1. c4 Nf6 2. g3 g6 3. Bg2 Bg7 4. Qc2 Nc6 5. Bxc6 bxc6 6. Nf3 O-O 7. Nc3 d5 8.
O-O Bf5 9. Qa4 d4 10. Nd1 c5 11. d3 Bg4 12. Kg2 Qc8 13. Qc2 Bh3+ 14. Kg1 Bxf1
15. Kxf1 Qh3+ 16. Kg1 Ng4 17. e4 Rab8 18. b3 Rb6 19. Ba3 Rf6 20. Qe2 Rc6 21. Qf1
Qh5 22. Kg2 f5 23. h3 fxe4 24. dxe4 Ne5 25. Nxe5 Qxe5 26. Qd3 g5 27. Nb2 h5 28.
Na4 g4 29. h4 Rf3 30. Qd2 Qxe4 31. Kh2 Qf5 32. Rf1 d3 33. Kg1 Bd4 34. Nb2 Rxg3+
35. Kh2 Rh3+ 0-1

[Event "AUTO-MASTER-1281"]
[Site "http://www.queenalice.com/game.php?id=864251"]
[Date "2010.11.27"]
[Round "1"]
[White "danthebugman"]
[Black "lalves"]
[Result "0-1"]
[WhiteElo "2081"]
[BlackElo "2157"]

1. e4 d5 2. exd5 Nf6 3. d4 Qxd5 4. Nf3 Bg4 5. Be2 Nc6 6. h3 Bh5 7. c4 Qd8 8. g4
Bg6 9. d5 Nb8 10. Nc3 Nbd7 11. Be3 c6 12. Qb3 cxd5 13. cxd5 b6 14. Bb5 Rc8 0-1

[Event "AUTO-MASTER-1281"]
[Site "http://www.queenalice.com/game.php?id=864252"]
[Date "2010.11.27"]
[Round "1"]
[White "lalves"]
[Black "danthebugman"]
[Result "1-0"]
[WhiteElo "2167"]
[BlackElo "2031"]

1. c4 g6 2. Nc3 Bg7 3. Qc2 d6 4. Nf3 a6 5. e4 Nd7 6. d4 e6 7. Bd3 Ne7 8. O-O b6
9. Bg5 h6 10. Be3 Bb7 11. Rad1 g5 12. b4 O-O 13. h4 1-0

[Event "AUTO-MASTER-1281"]
[Site "http://www.queenalice.com/game.php?id=864267"]
[Date "2010.11.27"]
[Round "1"]
[White "alainbouley"]
[Black "lalves"]
[Result "0-1"]
[WhiteElo "2119"]
[BlackElo "2138"]

1. a3 Nf6 2. c3 d5 3. d4 Bg4 4. h3 Bh5 5. Bf4 e6 6. g4 Bg6 7. Nd2 Be7 8. Ngf3
Ne4 9. Ne5 Bh4 10. Nxe4 Bxe4 11. Rg1 Be7 12. e3 O-O 13. g5 Nd7 14. h4 Nxe5 15.
Bxe5 f6 16. gxf6 Bxf6 17. Qg4 Bxe5 18. Qxe6+ Rf7 19. Qxe5 Qxh4 20. O-O-O Qxf2
21. Rxg7+ Rxg7 22. Qe6+ Kh8 23. Bd3 Qxe3+ 24. Kc2 Bxd3+ 0-1

[Event "AUTO-MASTER-1281"]
[Site "http://www.queenalice.com/game.php?id=864268"]
[Date "2010.11.27"]
[Round "1"]
[White "lalves"]
[Black "alainbouley"]
[Result "1/2-1/2"]
[WhiteElo "2175"]
[BlackElo "2089"]

1. e4 g6 2. d4 Bg7 3. Bc4 Nc6 4. Ne2 e6 5. O-O Nge7 6. c3 d5 7. Bd3 O-O 8. e5 f6
9. f4 fxe5 10. fxe5 Nf5 11. Na3 Bd7 12. Nc2 Qe7 13. Ne3 Nxe3 14. Bxe3 Rxf1+ 15.
Kxf1 Rf8+ 16. Kg1 Qh4 17. Ng3 Ne7 18. Qd2 h6 19. a4 Nf5 20. Bf2 Qg5 21. Qxg5
hxg5 22. Nf1 Be8 23. Nd2 Bh6 24. Nb3 b6 25. Ba6 g4 26. a5 Be3 27. Bxe3 Nxe3 28.
axb6 cxb6 29. Nd2 g5 30. Bd3 a5 31. Re1 Nf5 32. Nf1 Kg7 33. Be2 Bh5 34. h3 Nh6
35. Ng3 Bg6 36. hxg4 Rf4 37. Nh5+ Bxh5 38. gxh5 Nf5 39. Bb5 Kf7 40. Ba4 Ng3 41.
h6 Rh4 42. h7 Rxh7 43. Re3 Rh1+ 44. Kf2 Ne4+ 45. Ke2 Rb1 46. Rf3+ Ke7 47. Rh3
Rxb2+ 48. Kf1 Rf2+ 49. Kg1 Rf7 50. Rh8 Rf8 51. Rh7+ Rf7 52. Rh8 Rf8 1/2-1/2

[Event "AUTO-MASTER-1281"]
[Site "http://www.queenalice.com/game.php?id=864277"]
[Date "2010.11.27"]
[Round "1"]
[White "yus_89"]
[Black "lalves"]
[Result "0-1"]
[WhiteElo "1875"]
[BlackElo "2149"]

1. e4 c5 2. Nf3 Nc6 3. d4 cxd4 4. Nxd4 Nf6 5. Nxc6 bxc6 6. e5 Nd5 7. Bc4 e6 8.
Nd2 Qh4 9. Bxd5 cxd5 10. Nf3 Qe4+ 11. Be3 Bc5 0-1

[Event "AUTO-MASTER-1281"]
[Site "http://www.queenalice.com/game.php?id=864278"]
[Date "2010.11.27"]
[Round "1"]
[White "lalves"]
[Black "yus_89"]
[Result "1-0"]
[WhiteElo "2153"]
[BlackElo "1870"]

1. d4 d5 2. c4 Nf6 3. cxd5 Qxd5 4. Nc3 Qa5 5. Bd2 Qb6 6. Nf3 e6 7. e4 Be7 8. Be2
Nc6 9. Bb5 O-O 10. Be3 Qa5 11. Bd3 1-0

[Event "AUTO-MASTER-1354"]
[Site "http://www.queenalice.com/game.php?id=905371"]
[Date "2011.2.25"]
[Round "1"]
[White "od_xavier"]
[Black "lalves"]
[Result "0-1"]
[WhiteElo "1799"]
[BlackElo "2117"]

1. e4 b6 2. Nf3 Bb7 3. Nc3 g6 4. Bc4 d6 5. d3 Bg7 6. Bd2 Nf6 7. O-O O-O 8. Qe2
Nbd7 9. Rad1 a6 10. a3 b5 11. Ba2 Nc5 12. Rfe1 Rb8 13. b4 Ncd7 14. d4 Qc8 15. h3
e6 16. Qd3 Rd8 17. g4 c5 18. d5 e5 19. Kh1 c4 20. Qe2 Nb6 21. Rg1 Qd7 22. Rg3
Bc8 23. Rdg1 Qe8 24. Nh2 Bb7 25. h4 Nbxd5 26. exd5 Nxd5 27. Ne4 Nf4 28. Qe3 Nd5
29. Qe1 Nf6 30. f3 Nxe4 31. fxe4 f5 32. gxf5 Qc6 33. Rg4 Rf8 34. c3 Rxf5 35. Bb1
Rbf8 36. Rf1 Rxf1+ 37. Nxf1 Qc8 38. Ne3 Rf3 39. Qg1 Qf8 40. Qg2 Rf2 41. Qg3 Rxd2
42. Bc2 Bc8 43. Rg5 Bh6 44. Qe1 Qf3+ 45. Ng2 Bxg5 46. Qg1 Be3 47. Qxe3 Qxg2# 0-1

[Event "AUTO-MASTER-1354"]
[Site "http://www.queenalice.com/game.php?id=905372"]
[Date "2011.2.25"]
[Round "1"]
[White "lalves"]
[Black "od_xavier"]
[Result "0-1"]
[WhiteElo "2140"]
[BlackElo "1780"]

1. e4 e5 2. f4 Nf6 3. Nc3 Nc6 4. Nf3 Bb4 5. d3 d6 6. Bd2 Bg4 7. Be2 O-O 8. f5 h6
9. O-O g5 10. Qe1 Kh7 11. h4 Rh8 12. hxg5 hxg5 13. Nxg5+ Kg7 14. Bxg4 Bc5+ 15.
Rf2 Nxg4 16. Nd1 Rh2 17. Nf3 Qh8 18. f6+ Kg6 19. Kf1 Rh1+ 20. Ng1 Rxg1+ 21. Kxg1
Qh2+ 22. Kf1 Qh1+ 0-1

[Event "AUTO-MASTER-1354"]
[Site "http://www.queenalice.com/game.php?id=905385"]
[Date "2011.2.25"]
[Round "1"]
[White "Lindomar"]
[Black "lalves"]
[Result "1-0"]
[WhiteElo "2123"]
[BlackElo "2119"]

1. d4 Nf6 2. c4 g6 3. Nc3 Bg7 4. e4 d6 5. Nf3 O-O 6. Be2 Nbd7 7. O-O c5 8. d5 a6
9. Bg5 h6 10. Bh4 b6 11. h3 Qc7 12. Re1 Bb7 13. Bg3 Nh5 14. Bh2 Nhf6 15. Bf1 Nh7
16. Rc1 Rfe8 17. Qd2 f6 18. Nh4 Nhf8 19. Qe3 Bc8 20. Qg3 Ne5 21. f4 g5 22. fxg5
fxg5 23. Nf5 Bxf5 24. exf5 Qd7 25. Qf2 Nh7 26. g4 Rf8 27. Qg2 Rf7 28. Qg3 Raf8
29. a4 Nf6 30. b3 Ne8 31. Ne4 Nf6 32. Nxf6+ Bxf6 33. Re3 Qb7 34. Rce1 Nd7 35.
R3e2 Bd4+ 36. Kh1 b5 37. Rxe7 Be5 38. R1xe5 dxe5 39. Re6 Rf6 40. Bg2 bxa4 41.
bxa4 Qb4 42. Bf1 Qxa4 43. Qc3 a5 44. Bxe5 Rxe6 45. dxe6 Nxe5 46. Qxe5 Qd1 47.
Kg2 Qd2+ 48. Kh1 Qf4 49. Qe1 Re8 50. Qe2 Kf8 51. Bg2 Ke7 52. Qb2 Kd8 53. Qf6+
Kc8 54. Qb2 Qc7 55. Qb5 Kd8 56. Bc6 Re7 57. Qxc5 Qf4 58. Qxa5+ Rc7 59. Qa8+ Ke7
60. Qa3+ Qd6 61. Qxd6+ Kxd6 62. Bb5 Ra7 63. Kg2 Ra2+ 64. Kf3 Ra3+ 65. Ke4 Rxh3
66. c5+ Kxc5 67. e7 1-0

[Event "AUTO-MASTER-1354"]
[Site "http://www.queenalice.com/game.php?id=905386"]
[Date "2011.2.25"]
[Round "1"]
[White "lalves"]
[Black "Lindomar"]
[Result "0-1"]
[WhiteElo "2155"]
[BlackElo "2086"]

1. d4 Nf6 2. Nf3 d5 3. Bg5 Nbd7 4. e3 e6 5. Bd3 Be7 6. O-O O-O 7. Nbd2 c5 8. c3
a6 9. Rc1 h6 10. Bh4 b5 11. Bb1 Bb7 12. Bg3 Qb6 13. Ne5 Rfc8 14. Ndf3 cxd4 15.
exd4 Nxe5 16. Nxe5 b4 17. Qd3 bxc3 18. Nd7 Qxb2 19. Nxf6+ Bxf6 20. Qh7+ Kf8 21.
Bd6+ Ke8 22. Rc2 Qb5 23. Bc5 Rxc5 24. dxc5 Qxc5 25. Kh1 d4 26. Re1 Qg5 27. Rg1
g6 28. Re2 Ke7 29. Bxg6 Qxg6 30. Qxg6 fxg6 31. Rd1 Bd5 32. f3 Rb8 33. h3 Rb2 0-1

[Event "AUTO-MASTER-1354"]
[Site "http://www.queenalice.com/game.php?id=905395"]
[Date "2011.2.25"]
[Round "1"]
[White "lalves"]
[Black "pomar"]
[Result "0-1"]
[WhiteElo "2172"]
[BlackElo "1992"]

1. c4 e6 2. Nf3 c5 3. g3 d5 4. Bg2 Nc6 5. O-O dxc4 6. Qa4 Nf6 7. Ne5 Nd5 8. Nxc6
Qd7 9. Qxc4 Qxc6 10. Nc3 Be7 11. Nxd5 exd5 12. Bxd5 Qf6 13. Qb5+ Bd7 14. Qxb7
Rd8 15. Bg2 O-O 16. Qxa7 h5 17. d3 h4 18. Re1 h3 19. Bh1 Bc6 20. Bxc6 Qxc6 21.
f3 Rfe8 22. Bf4 Rd7 23. Qa5 c4 24. Qh5 Bc5+ 25. e3 Rxd3 26. Kf2 Qb6 27. Rab1
Rd2+ 28. Re2 Bxe3+ 0-1

[Event "AUTO-MASTER-1354"]
[Site "http://www.queenalice.com/game.php?id=905396"]
[Date "2011.2.25"]
[Round "1"]
[White "pomar"]
[Black "lalves"]
[Result "1-0"]
[WhiteElo "2084"]
[BlackElo "2154"]

1. f3 d5 2. Kf2 e5 3. e3 d4 4. d3 Nc6 5. e4 f5 6. g3 Nf6 7. Bh3 Bc5 8. Bxf5 Bxf5
9. exf5 O-O 10. Bg5 Ng4+ 11. fxg4 Qxg5 12. Qf3 h5 13. h3 Bb6 14. Qe2 Rae8 15.
Nf3 Qf6 16. Nbd2 Qd6 17. Ne4 Qb4 18. b3 Qa3 19. Qd2 Qe7 20. Nh4 Ba5 21. Qc1 Nb4
22. Ng6 Qf7 23. Nxf8 Rxf8 24. Kg2 Nd5 25. Qg5 Ne3+ 26. Kg1 Nxc2 27. Rc1 Nb4 28.
Rc5 Nc6 29. Rh2 Bb6 30. Rc1 Nb4 31. Qd2 Nd5 32. Rf2 hxg4 33. hxg4 Ne3 34. Qe2 c6
35. Nd6 Qd7 36. Nc4 Nxc4 37. bxc4 Bc7 38. Qe4 b6 39. g5 Bd6 40. g6 Qe7 41. Qh1
1-0